000 00524nam a2200193Ia 4500
999 _c14694
_d14694
003 OSt
005 20201019093616.0
008 190216s9999||||xx |||||||||||||| ||und||
020 _a9780099744214
040 _coclc
082 _a305.4
_bBEA/S
100 _a Beauvoir, Simone De
_95849
245 4 _aThe Second Sex /
_cSimone De Beauvoir
250 _a3rd Ed.
260 _bVintage Books,
_c1997.
_aLondon:
300 _a762p
650 _aEnglish
942 _cBK
_2ddc
_h305.4
_iBEA/S
_k305.4
_mBEA/S